Sitcom New Year's Resolutions Quiz Stats

 Plays Quiz not verified by Sporcle

Challenge
Share
Tweet
Embed
Score 0/20 Timer 04:00
0 Plays Today
% Correct
Gilligan
92%
Will 'Fresh Prince' Smith
88.9%
Bart Simpson
88.5%
Ricky Ricardo
86.8%
Dennis the Menace
86.6%
Judge Harry T. Stone
85.6%
Barney Stinson
85.4%
Sam Malone
84.6%
Kenny
82.2%
Frasier Crane
81.8%
% Correct
Al Bundy
81.5%
Mr. Ed
78.8%
Steve Urkel
75.7%
Earl
75.5%
Archie Bunker
75.2%
Peter Griffin
71.6%
Corporal Klinger
63.5%
Balki Bartokomous
57.9%
Rob Petrie
57.7%
Charlie Kelly
51.6%

You're not logged in!

Compare scores with friends on all Sporcle quizzes.
OR
Log In

You Might Also Like...

Show Comments

Extras

Top Quizzes Today


Score Distribution

Your Account Isn't Verified!

In order to create a playlist on Sporcle, you need to verify the email address you used during registration. Go to your Sporcle Settings to finish the process.

Report this User

Report this user for behavior that violates our Community Guidelines.

Details: